[Event "21ème Open de Saint-Affrique"]
[Site "Saint Affrique (11)"]
[Date "2013.07.22"]
[Round "3.6"]
[White "Rouffignac, Tanguy"]
[Black "Giroyan, Gary"]
[Result "1/2-1/2"]
[WhiteElo "2046"]
[BlackElo "2398"]
[PlyCount "49"]
[EventDate "2013.??.??"]

1. e4 c5 2. Nf3 Nc6 3. Nc3 e6 4. d4 cxd4 5. Nxd4 Qb6 6. Ndb5 Bc5 7. Nd6+ Ke7 8.
Nxc8+ Rxc8 9. Qd2 Nf6 10. Na4 Qb4 11. Nxc5 Qxc5 12. Bd3 Nb4 13. O-O Nxc2 14.
Bxc2 Qxc2 15. Qb4+ Qc5 16. Qxb7 Rb8 17. Qa6 Nxe4 18. Be3 Qb4 19. f3 Nd6 20.
Rad1 Nf5 21. Qxa7 Nxe3 {#} 22. Rxd7+ Ke8 23. Rxf7 Qd6 24. Rxg7 Nxf1 25. Qf7+
1/2-1/2

[Event "21ème Open de Saint-Affrique"]
[Site "Saint Affrique (11)"]
[Date "2013.07.22"]
[Round "3.8"]
[White "Arlabosse, Nicolas"]
[Black "Scholz, Christian"]
[Result "1/2-1/2"]
[WhiteElo "2016"]
[BlackElo "2393"]
[PlyCount "32"]
[EventDate "2013.??.??"]

1. e4 c5 2. Nf3 d6 3. d4 cxd4 4. Nxd4 Nf6 5. Nc3 a6 6. Bc4 e6 7. Bb3 b5 8. Bg5
Be7 9. Qf3 Qb6 10. O-O-O Qb7 11. Qg3 Nc6 12. Nxc6 Qxc6 13. Bxf6 gxf6 14. Qg7
Rf8 15. Nd5 Ra7 16. Nxf6+ Bxf6 1/2-1/2

[Event "21ème Open de Saint-Affrique"]
[Site "Saint Affrique (11)"]
[Date "2013.07.22"]
[Round "3.9"]
[White "Kukov, Velislav"]
[Black "Roche, Christian"]
[Result "1-0"]
[WhiteElo "2370"]
[BlackElo "2023"]
[PlyCount "69"]
[EventDate "2013.??.??"]

1. d4 c5 2. c3 cxd4 3. cxd4 d5 4. Nc3 Nf6 5. Nf3 Nc6 6. Bf4 Bf5 7. e3 a6 8. Rc1
e6 9. Qb3 Bb4 10. Ne5 Qe7 11. a3 Bxc3+ 12. Rxc3 Nh5 13. Qb6 O-O 14. Nxc6 bxc6
15. Bc7 e5 16. Bxe5 f6 17. Bc7 Qe4 18. f3 Qb1+ 19. Kd2 Rfc8 20. Qb3 Bd7 {#} 21.
e4 Rxc7 22. Rc1 Qxc1+ 23. Kxc1 Nf4 24. Kd2 Be6 25. g3 dxe4 26. Bc4 e3+ 27. Qxe3
Bxc4 28. Qxf4 Re7 29. Re1 Rae8 30. Rxe7 Rxe7 31. b3 Bd5 32. Qb8+ Kf7 33. f4 Kg6
34. Qb6 Re6 35. Qxa6 1-0

[Event "21ème Open de Saint-Affrique"]
[Site "Saint Affrique (11)"]
[Date "2013.07.22"]
[Round "3.10"]
[White "Scherrer, Roch"]
[Black "Van Dongen, Patrick"]
[Result "0-1"]
[WhiteElo "2000"]
[BlackElo "2318"]
[PlyCount "80"]
[EventDate "2013.??.??"]

1. d4 f5 2. c4 Nf6 3. Nc3 e6 4. g3 Bb4 5. Bg2 O-O 6. Nh3 d6 7. O-O Bxc3 8. bxc3
Nc6 9. d5 exd5 10. cxd5 Ne5 11. Nf4 Qe7 12. Qb3 b6 13. Be3 Bd7 14. Bd4 Rae8 15.
Rad1 Qf7 16. e3 Re7 17. Bxe5 Rxe5 18. Qc4 Bc8 19. Qa4 a5 20. Qc6 Re7 21. Rfe1
Rfe8 22. c4 Ne4 23. Ne2 Nc5 24. Qb5 Ba6 25. Qb1 Bxc4 26. Nd4 Rf8 27. Nc6 Ree8
28. Rd4 Ba6 29. Red1 Ne4 30. Qc2 Qh5 31. Rxe4 fxe4 32. Nd4 Bd3 33. Qc1 Re7 34.
Ne6 Rf6 35. Nf4 Rxf4 36. exf4 Qxd5 37. Qe3 Kf8 38. Bxe4 Rxe4 39. Rxd3 Rxe3 40.
Rxd5 Re2 0-1

[Event "21ème Open de Saint-Affrique"]
[Site "Saint Affrique (11)"]
[Date "2013.07.22"]
[Round "3.14"]
[White "Tuerlinckx, Ben"]
[Black "Billon, Olivier"]
[Result "0-1"]
[WhiteElo "1964"]
[BlackElo "2257"]
[PlyCount "56"]
[EventDate "2013.??.??"]

1. e4 c5 2. d4 cxd4 3. c3 Nf6 4. e5 Nd5 5. Nf3 Nc6 6. Bc4 Nb6 7. Bb3 g6 8. Ng5
d5 9. exd6 e6 10. cxd4 Qxd6 11. Be3 Bg7 12. O-O Nxd4 13. Ne4 Qd8 14. Ba4+ Kf8
15. Nbc3 h6 16. Nb5 e5 17. f4 Bd7 18. fxe5 Bxb5 19. Bxb5 Nxb5 20. Qf3 Qe8 21.
Nf6 Bxf6 22. Qxf6 Kg8 23. Rad1 Nc4 24. Bc1 Qe6 25. Qxe6 fxe6 26. Rd7 Nxe5 27.
Re7 Nd4 28. Rxb7 Rh7 0-1

[Event "21ème Open de Saint-Affrique"]
[Site "Saint Affrique (11)"]
[Date "2013.07.20"]
[Round "3.19"]
[White "Bombail, Leonard"]
[Black "Ternault, Mathieu"]
[Result "0-1"]
[WhiteElo "1938"]
[BlackElo "2176"]
[PlyCount "24"]
[EventDate "2013.??.??"]

1. e4 e6 2. d3 d5 3. Nd2 Nf6 4. g3 dxe4 5. dxe4 e5 6. Bg2 Bc5 7. Ngf3 O-O 8.
O-O Nbd7 9. Re1 Ng4 10. Rf1 Ndf6 11. Ne1 {#} 11... Nxf2 12. Rxf2 Bxf2+ (12...
Bxf2+ 13. Kxf2 Ng4+ 14. Ke2 Qd4 15. Ndf3 Qf2+ 16. Kd3 Rd8+) 0-1

[Event "21ème Open de Saint-Affrique"]
[Site "Saint Affrique (11)"]
[Date "2013.07.22"]
[Round "3.20"]
[White "Mania, Clement"]
[Black "Nassar, Christophe"]
[Result "1-0"]
[WhiteElo "2174"]
[BlackElo "1774"]
[PlyCount "38"]
[EventDate "2013.??.??"]

1. f4 d5 2. Nf3 Nf6 3. g3 g6 4. Bg2 Bg7 5. O-O Bd7 6. d3 Qc8 7. Re1 c5 8. e4 d4
9. Na3 Bh3 10. e5 Nd5 11. Bxh3 Qxh3 12. Ng5 Qh6 13. e6 fxe6 14. Nxe6 Ne3 15.
Qf3 Nc6 16. Nc7+ Kd7 17. Nxa8 Rxa8 18. Bxe3 dxe3 19. c3 Rd8 1-0

[Event "21ème Open de Saint-Affrique"]
[Site "Saint Affrique (11)"]
[Date "2013.07.22"]
[Round "3.30"]
[White "Robic, Damien"]
[Black "Dubessy, Thierry"]
[Result "1-0"]
[WhiteElo "1659"]
[BlackElo "2013"]
[PlyCount "46"]
[EventDate "2013.??.??"]

1. e4 c5 2. Nf3 Nc6 3. d4 cxd4 4. Nxd4 d6 5. Nc3 a6 6. Bc4 e6 7. Be3 Nf6 8. Qd2
Na5 9. Be2 b5 10. b4 Nb7 11. O-O d5 12. exd5 exd5 13. a3 Nd6 14. Nc6 Qc7 15.
Nxd5 Qxc6 16. Nxf6+ gxf6 17. Bf3 Ne4 18. Bxe4 Qxe4 19. Bb6 Be6 20. Rfe1 Qc6 21.
Qd4 Rg8 22. g3 Rb8 23. Rad1 Qxb6 $4 {#} 1-0

[Event "21ème Open de Saint-Affrique"]
[Site "Saint Affrique (11)"]
[Date "2013.07.22"]
[Round "4.1"]
[White "Saez, Frederic"]
[Black "Degraeve, Jean-Marc"]
[Result "0-1"]
[WhiteElo "2290"]
[BlackElo "2574"]
[PlyCount "68"]
[EventDate "2013.??.??"]

1. e4 Nf6 2. e5 Nd5 3. d4 d6 4. Nf3 dxe5 5. Nxe5 c6 6. Be2 Bf5 7. O-O Nd7 8.
Nf3 e6 9. a3 Bd6 10. c4 Nf4 11. Bxf4 Bxf4 12. Nc3 O-O 13. b4 Qf6 14. Qb3 e5 15.
Rad1 e4 16. Ne1 Rad8 17. Na4 Rfe8 18. g3 Bb8 19. b5 Bh3 20. Ng2 Nf8 21. d5 cxd5
22. cxd5 b6 23. Nb2 Nd7 24. Nc4 Nc5 25. Qc2 Bd6 26. a4 Nb7 27. Rfe1 Bb4 28. Nf4
Bxe1 29. Rxe1 Bd7 30. Bf1 Bf5 31. Ne3 Rc8 32. Qd1 Bd7 33. Ne2 Nc5 34. Nd4 Nd3
0-1

[Event "21ème Open de Saint-Affrique"]
[Site "Saint Affrique (11)"]
[Date "2013.07.22"]
[Round "4.2"]
[White "Libiszewski, Fabien"]
[Black "Domenech, Vianney"]
[Result "1-0"]
[WhiteElo "2523"]
[BlackElo "2219"]
[PlyCount "83"]
[EventDate "2013.??.??"]

1. c4 e5 2. g3 Nf6 3. Bg2 Nc6 4. Nc3 Bb4 5. Nd5 Nxd5 6. cxd5 Ne7 7. Nf3 e4 8.
Ne5 f6 9. Nc4 f5 10. a3 Bc5 11. d4 Bb6 12. a4 a6 13. Nxb6 cxb6 14. d6 Ng6 15.
h4 O-O 16. Qb3+ Rf7 17. Bg5 Qe8 18. Qxb6 a5 19. h5 Nf8 20. d5 Ra6 21. Qc7 h6
22. Be7 Nh7 23. Rc1 Ra8 24. Qc3 Rxe7 25. dxe7 Qxe7 26. e3 Nf6 27. Bf1 Kh7 28.
Qd4 d6 29. Be2 Qf7 30. O-O Bd7 31. Rc7 Rd8 32. Rxb7 Qxd5 33. Qxd5 Nxd5 34. Rd1
Bc6 35. Ra7 Ra8 36. Rxa8 Bxa8 37. Bc4 Nb6 38. Be6 d5 39. Bxf5+ Kg8 40. b3 Kf7
41. Rc1 Kf6 42. g4 1-0

[Event "21ème Open de Saint-Affrique"]
[Site "Saint Affrique (11)"]
[Date "2013.07.22"]
[Round "4.3"]
[White "Billon, Olivier"]
[Black "Flear, Glenn C"]
[Result "0-1"]
[WhiteElo "2257"]
[BlackElo "2456"]
[PlyCount "82"]
[EventDate "2013.??.??"]

1. e4 e5 2. Nf3 Nc6 3. Nc3 Nf6 4. Bb5 Bc5 5. O-O O-O 6. Nxe5 Nxe5 7. d4 Bd6 8.
f4 Neg4 9. e5 Be7 10. Be2 d6 11. exf6 Nxf6 12. d5 Re8 13. Bf3 Bf8 14. g4 c6 15.
h3 Bd7 16. Qd3 Nxd5 17. Bxd5 cxd5 18. Nxd5 Bc6 19. c4 Bxd5 20. cxd5 Qb6+ 21.
Kg2 Rac8 22. Kf3 g6 23. Rf2 Bg7 24. Be3 Rxe3+ 25. Qxe3 Bd4 26. Qd2 Bxf2 27.
Qxf2 Qxf2+ 28. Kxf2 Rc2+ 29. Kf3 Rxb2 30. g5 Kg7 31. a4 Rb3+ 32. Ke4 Rb4+ 33.
Ke3 a5 34. h4 h5 35. Ra3 b5 36. axb5 Rxb5 37. Rd3 a4 38. Ke4 Ra5 39. Ra3 Kf8
40. Kd4 Ke7 41. Kc3 Kd7 0-1

[Event "21ème Open de Saint-Affrique"]
[Site "Saint Affrique (11)"]
[Date "2013.07.22"]
[Round "4.4"]
[White "Dussol, Pierre"]
[Black "Mladenov, Plamen"]
[Result "0-1"]
[WhiteElo "2181"]
[BlackElo "2405"]
[PlyCount "64"]
[EventDate "2013.??.??"]

1. d4 d5 2. Nf3 Nf6 3. c4 dxc4 4. Na3 c5 5. Nxc4 e6 6. e3 Nc6 7. a3 cxd4 8.
exd4 Be7 9. b4 O-O 10. Bb2 Nd5 11. Qc2 Bf6 12. b5 Nce7 13. Bd3 g6 14. h4 Nf4
15. Bf1 Bd7 16. Qd2 Nfd5 17. h5 Bxb5 18. hxg6 fxg6 19. Nce5 Bxe5 20. Nxe5 Bxf1
{#} 21. Qh6 Nf6 22. Kxf1 Rc8 23. Qh3 Qd5 24. Re1 Rc2 25. Ng4 Nh5 26. Ba1 Qg5
27. Kg1 Rc1 28. Rxc1 Qxc1+ 29. Kh2 Qc7+ 30. Kg1 Nd5 31. Ne5 Qc1+ 32. Kh2 Qf4+
0-1

[Event "21ème Open de Saint-Affrique"]
[Site "Saint Affrique (11)"]
[Date "2013.07.22"]
[Round "4.5"]
[White "Ternault, Mathieu"]
[Black "Mullon, Jean-Baptiste"]
[Result "1/2-1/2"]
[WhiteElo "2176"]
[BlackElo "2398"]
[PlyCount "89"]
[EventDate "2013.??.??"]

1. d4 Nf6 2. c4 g6 3. Nc3 Bg7 4. Nf3 O-O 5. e4 d6 6. Be2 c5 7. d5 e5 8. Nd2 Ne8
9. h4 h5 10. Nf3 Nd7 11. Bg5 f6 12. Bd2 Nc7 13. a4 Na6 14. Nh2 Nb4 15. Nf1 f5
16. exf5 gxf5 17. Na2 Nxa2 18. Rxa2 e4 19. Ng3 Nf6 20. Nxh5 Nxh5 21. Bxh5 f4
22. Bg6 e3 23. Bc3 Qe7 24. Qh5 Bxc3+ 25. bxc3 Qg7 26. O-O Rf6 27. Be4 Bg4 28.
Qg5 Re8 29. Qxg7+ Kxg7 30. f3 Bf5 31. Rb2 Re7 32. Bxf5 Rxf5 33. Kh2 Kf6 34. Re2
Rh5 35. g3 Rhh7 36. Rh1 Reg7 37. Rg1 Ke5 38. Kh3 fxg3 39. Rxe3+ Kf4 40. Re4+
Kxf3 {#} 41. Rge1 g2 42. R1e3+ Kf2 43. Re2+ Kf1 44. Re1+ Kf2 45. R1e2+ 1/2-1/2

[Event "21ème Open de Saint-Affrique"]
[Site "Saint Affrique (11)"]
[Date "2013.07.22"]
[Round "4.6"]
[White "N'Guyen, Julien"]
[Black "Kukov, Velislav"]
[Result "0-1"]
[WhiteElo "1953"]
[BlackElo "2370"]
[PlyCount "44"]
[EventDate "2013.??.??"]

1. d4 Nf6 2. Nf3 d6 3. c4 Bg4 4. e3 c6 5. Be2 e6 6. Nc3 Nbd7 7. e4 e5 8. O-O
Be7 9. Be3 O-O 10. d5 Nb6 11. b3 Rc8 12. h3 Bh5 13. Rc1 Bg6 14. Nd2 Nfd7 15. f4
exf4 16. Bxf4 cxd5 17. exd5 Nc5 18. Nf3 Bf6 19. Nd4 a6 20. Bg4 Nd3 21. Bxc8
Bxd4+ 22. Kh2 Nxc8 0-1

[Event "21ème Open de Saint-Affrique"]
[Site "Saint Affrique (11)"]
[Date "2013.07.22"]
[Round "4.7"]
[White "Van Dongen, Patrick"]
[Black "Mania, Clement"]
[Result "1-0"]
[WhiteElo "2318"]
[BlackElo "2174"]
[PlyCount "79"]
[EventDate "2013.??.??"]

1. d4 d6 2. Nf3 g6 3. c4 f5 4. Nc3 Nf6 5. g3 Bg7 6. Bg2 O-O 7. O-O Nc6 8. d5
Ne5 9. Nxe5 dxe5 10. Qb3 a6 11. c5 Kh8 12. Rd1 Qe8 13. Qa3 h6 14. Qa5 Qd8 15.
Bd2 e4 16. f3 exf3 17. exf3 e5 18. dxe6 b6 19. cxb6 cxb6 20. Qb4 a5 21. Qb3
Qd4+ 22. Kh1 a4 23. Qa3 Qf2 24. e7 Re8 25. Nb5 Bb7 26. Be3 Qe2 27. Nd4 Qc4 28.
Rac1 Qf7 29. Rc7 Bd5 30. Nb5 Qe6 31. Nd4 Qf7 32. Nb5 Qe6 33. Rc3 Ne4 34. fxe4
Bxe4 35. Nc7 Bxg2+ 36. Kxg2 Qe4+ 37. Kg1 Rac8 38. Bf2 Rxe7 39. Re1 Qg4 40. Qxe7
1-0

[Event "21ème Open de Saint-Affrique"]
[Site "Saint Affrique (11)"]
[Date "2013.07.22"]
[Round "4.8"]
[White "Milchev, Nikolay"]
[Black "N'Guyen, Emilien"]
[Result "1-0"]
[WhiteElo "2433"]
[BlackElo "2169"]
[PlyCount "111"]
[EventDate "2013.??.??"]

1. Nf3 d5 2. c4 dxc4 3. Na3 e5 4. Qa4+ c6 5. Qxc4 Bxa3 6. bxa3 f6 7. d4 Nd7 8.
Bb2 exd4 9. Bxd4 Ne7 10. e3 Nb6 11. Qb3 Qd5 12. O-O-O Qxb3 13. axb3 Be6 14. Kb2
Nd7 15. e4 c5 16. Be3 Nc6 17. Bb5 Rc8 18. Nd2 Ke7 19. f4 a6 20. Bc4 b5 21. Bxe6
Kxe6 22. Nf3 c4 23. b4 Rhd8 24. Rd5 Ndb8 25. Rhd1 Rd7 26. Bc5 Rcc7 27. g4 Kf7
28. Bd6 Rb7 29. Kc3 Ne7 30. R5d2 Nbc6 31. f5 Nc8 32. Bc5 Rxd2 33. Rxd2 Ke8 34.
h4 N8e7 35. g5 Rd7 36. Rxd7 Kxd7 37. h5 Ke8 38. a4 Kf7 39. axb5 axb5 40. Bd6 {#
} 40... fxg5 41. Nxg5+ Kg8 42. Kd2 Nc8 43. Bc5 Ne5 44. Ke3 Nd3 45. Ne6 Nxc5 46.
bxc5 Ne7 47. Kd4 Nc6+ 48. Kc3 Kf7 49. Nd4 Na7 50. e5 Ke7 51. c6 Kd8 52. Kb4 Kc7
53. h6 gxh6 54. f6 Kd8 55. c7+ Ke8 56. Nxb5 1-0

[Event "21ème Open de Saint-Affrique"]
[Site "Saint Affrique (11)"]
[Date "2013.07.22"]
[Round "4.9"]
[White "Giroyan, Gary"]
[Black "Clement, Olivier"]
[Result "1-0"]
[WhiteElo "2398"]
[BlackElo "2064"]
[PlyCount "83"]
[EventDate "2013.??.??"]

1. d4 Nf6 2. c4 c5 3. d5 e6 4. Nc3 exd5 5. cxd5 d6 6. Nf3 g6 7. Bf4 Bg7 8. Qa4+
Bd7 9. Qb3 Qc7 10. e4 O-O 11. Be2 Nh5 12. Be3 a6 13. a4 Bg4 14. h3 Bxf3 15.
Bxf3 Nd7 16. O-O Nhf6 17. Be2 Rfe8 18. Qc2 Re7 19. f4 Rae8 20. Bf3 Nxe4 21.
Nxe4 f5 22. Nxd6 Qxd6 23. Bd2 b5 24. axb5 axb5 25. Qb3 b4 26. Kh1 Nf6 27. Ra5
Ne4 28. Bxe4 Rxe4 29. Rfa1 Rd4 30. Ra8 Rxa8 31. Rxa8+ Bf8 32. Be3 Qxd5 33. Qa4
Re4 34. Bf2 Re2 35. Kg1 Rxb2 36. Qe8 Rb1+ 37. Kh2 Qd6 38. Ra7 Qf6 39. Bxc5 Rd1
40. Ra8 b3 41. Bxf8 Qf7 42. Qb8 1-0

[Event "21ème Open de Saint-Affrique"]
[Site "Saint Affrique (11)"]
[Date "2013.07.22"]
[Round "4.10"]
[White "Scholz, Christian"]
[Black "Rouffignac, Tanguy"]
[Result "1-0"]
[WhiteElo "2393"]
[BlackElo "2046"]
[PlyCount "93"]
[EventDate "2013.??.??"]

1. d4 Nf6 2. c4 g6 3. Nc3 Bg7 4. e4 d6 5. Nf3 O-O 6. Be2 e5 7. d5 a5 8. Bg5 h6
9. Bh4 Na6 10. Nd2 Bd7 11. O-O Qe8 12. b3 Nh7 13. a3 h5 14. f3 Bh6 15. Rb1 Be3+
16. Kh1 f5 17. exf5 gxf5 18. f4 exf4 19. Bxh5 Qe5 20. Qc2 Qg7 21. Be2 Nf6 22.
b4 axb4 23. axb4 Qh6 24. Bxf6 Qxf6 25. Rf3 Be8 26. Nf1 Bd4 27. g3 Bh5 28. Rd3
Bg4 29. gxf4 Bxc3 30. Rxc3 Bxe2 31. Rg3+ Bg4 32. h3 Qh6 33. Kg2 Qxf4 34. Ne3
Kh8 35. hxg4 Qe4+ 36. Qxe4 fxe4 37. Nf5 Kg8 38. Re3 Rae8 39. Kg3 Rf6 40. Kf4
Rg6 41. Rh3 Kf7 42. g5 Rf8 43. Rh7+ Ke8 44. b5 Nc5 45. Ra1 Nd3+ 46. Ke3 Rxf5
47. Ra8# 1-0

[Event "21ème Open de Saint-Affrique"]
[Site "Saint Affrique (11)"]
[Date "2013.07.22"]
[Round "4.21"]
[White "Bonnafous, Michel"]
[Black "Forest, Eric"]
[Result "0-1"]
[WhiteElo "2069"]
[BlackElo "1799"]
[PlyCount "76"]
[EventDate "2013.??.??"]

1. g3 d5 2. f4 Nc6 3. Nf3 g6 4. Bg2 Bg7 5. d3 Nf6 6. O-O O-O 7. Nc3 Ng4 8. d4
Bf5 9. Ne5 Ngxe5 10. fxe5 e6 11. e3 Nb4 12. Rf2 c5 13. g4 cxd4 14. exd4 Be4 15.
Nxe4 dxe4 16. Bf4 Nd5 17. Bxe4 Nxf4 18. Rxf4 Qb6 19. Rf2 Rad8 20. c3 Bxe5 21.
Qb3 Bxd4 22. cxd4 Qxd4 23. Bf3 b6 24. Rd1 Qc5 25. Kg2 Rxd1 26. Qxd1 Rc8 27. Qd7
Rc7 28. Qd8+ Kg7 29. g5 Re7 30. Qd2 Rc7 31. Qf4 Qe7 32. Qe5+ Kg8 33. Rd2 Rc5
34. Qb8+ Kg7 35. h4 Rxg5+ 36. Kh3 Ra5 37. Rd8 Ra4 38. b3 Qxh4+ 0-1

[Event "21ème Open de Saint-Affrique"]
[Site "Saint Affrique (11)"]
[Date "2013.07.22"]
[Round "4.26"]
[White "Roche, Christian"]
[Black "Rouffignac, Marie"]
[Result "0-1"]
[WhiteElo "2023"]
[BlackElo "1766"]
[PlyCount "54"]
[EventDate "2013.??.??"]

1. e4 e5 2. Nf3 Nc6 3. Bc4 Bc5 4. c3 Nf6 5. d3 d6 6. h3 a6 7. a4 Ba7 8. O-O Be6
9. Nbd2 Ne7 10. Qb3 Bxc4 11. Nxc4 Rb8 12. Bg5 Ng6 13. d4 h6 14. dxe5 hxg5 15.
exf6 Qxf6 16. e5 dxe5 17. Ncxe5 Nf4 18. Rfe1 O-O 19. Ng4 Qc6 20. c4 Rbd8 21.
Rad1 Rxd1 22. Qxd1 Qxc4 23. Nxg5 Nd3 24. b3 Qd4 25. Nf3 Qd6 26. Re2 Nf4 27.
Qxd6 Nxe2+ 0-1

[Event "21ème Open de Saint-Affrique"]
[Site "Saint Affrique (11)"]
[Date "2013.07.23"]
[Round "5.1"]
[White "Degraeve, Jean-Marc"]
[Black "Mladenov, Plamen"]
[Result "1/2-1/2"]
[WhiteElo "2574"]
[BlackElo "2405"]
[PlyCount "53"]
[EventDate "2013.??.??"]

1. e4 e5 2. Nf3 Nc6 3. Bc4 Nf6 4. d3 h6 5. h3 d6 6. a4 g6 7. a5 a6 8. Nc3 Bg7
9. Be3 Ne7 10. Ba2 c5 11. Bd2 Nc6 12. Nd5 Nxd5 13. Bxd5 O-O 14. Bc3 Kh7 15. Nd2
Ne7 16. Nc4 Be6 17. Bxe6 fxe6 18. O-O Nc6 19. Bd2 Qe7 20. Nb6 Rad8 21. c4 h5
22. Na4 Bh6 23. Bxh6 Kxh6 24. Qd2+ Kh7 25. Nc3 Nd4 26. Ra3 Qh4 27. Ne2 1/2-1/2

[Event "21ème Open de Saint-Affrique"]
[Site "Saint Affrique (11)"]
[Date "2013.07.23"]
[Round "5.2"]
[White "Kukov, Velislav"]
[Black "Libiszewski, Fabien"]
[Result "1/2-1/2"]
[WhiteElo "2370"]
[BlackElo "2523"]
[PlyCount "58"]
[EventDate "2013.??.??"]

1. d4 d6 2. Nf3 g6 3. g3 Bg7 4. Bg2 Nd7 5. O-O e5 6. e4 Ngf6 7. Nc3 O-O 8. Re1
c6 9. a4 Qc7 10. h3 b6 11. Be3 a6 12. dxe5 dxe5 13. Nd2 Bb7 14. Nc4 Rfd8 15.
Qd6 Qc8 16. Red1 Ne8 17. Qd2 Qc7 18. Nd6 Ndf6 19. Nxe8 Nxe8 20. Qe2 b5 21. axb5
axb5 22. Rxa8 Bxa8 23. Rxd8 Qxd8 24. Qd1 Qc7 25. h4 Nd6 26. Bc5 Bf8 27. Qa1 Bb7
28. b3 Ne8 29. Qa3 Bxc5 1/2-1/2

[Event "21ème Open de Saint-Affrique"]
[Site "Saint Affrique (11)"]
[Date "2013.07.23"]
[Round "5.3"]
[White "Flear, Glenn C"]
[Black "Van Dongen, Patrick"]
[Result "1-0"]
[WhiteElo "2456"]
[BlackElo "2318"]
[PlyCount "73"]
[EventDate "2013.??.??"]

1. d4 d5 2. c4 c6 3. Nc3 Nf6 4. e3 a6 5. Qc2 g6 6. Bd3 Bg7 7. Nf3 O-O 8. O-O
Bg4 9. Ne5 Be6 10. b3 Nbd7 11. Nxd7 Qxd7 12. Ba3 b5 13. cxb5 cxb5 14. Rfc1 Bf5
15. Bxf5 gxf5 16. Ne2 Rfc8 17. Qd1 Bh6 18. Rxc8+ Rxc8 19. Rc1 e6 20. Rc2 Ne4
21. Qc1 Rxc2 22. Qxc2 f6 23. g3 Kf7 24. Kg2 Bf8 25. Bxf8 Kxf8 26. Nf4 Ke7 27.
Nd3 {#} 27... a5 28. f3 Nd6 29. Qc5 a4 30. Qb6 axb3 31. axb3 Qd8 32. Qa7+ Qd7
33. Qa3 Qc7 34. Nc5 Qb6 35. Qa8 Nc4 36. bxc4 bxc4 37. Qc8 1-0

[Event "21ème Open de Saint-Affrique"]
[Site "Saint Affrique (11)"]
[Date "2013.07.20"]
[Round "5.4"]
[White "Kirk, Ezra"]
[Black "Milchev, Nikolay"]
[Result "0-1"]
[WhiteElo "2290"]
[BlackElo "2433"]
[PlyCount "76"]
[EventDate "2013.??.??"]

1. d4 g6 2. c4 Bg7 3. Nf3 d6 4. Nc3 e5 5. dxe5 dxe5 6. Qxd8+ Kxd8 7. Bd2 f6 8.
O-O-O Nd7 9. g3 c6 10. Ne4 Bf8 11. h4 h5 12. Bh3 Kc7 13. Be6 Nc5 14. Nxc5 Bxc5
15. Bxc8 Rxc8 16. Bc3 Nh6 17. e3 Ng4 18. Rdf1 e4 19. Nh2 Ne5 20. Bxe5+ fxe5 21.
Rd1 Rhf8 22. Rhf1 Rf7 23. Kd2 Rcf8 24. Ke2 Rf5 25. b3 Bd6 26. Rd2 a5 27. Rdd1
R5f6 28. g4 hxg4 29. Nxg4 Rf5 30. Rh1 Rh5 31. Rdg1 Be7 32. Rh3 Kd6 33. Nh2 g5
34. f3 exf3+ 35. Nxf3 gxh4 36. Rg4 Kc5 37. Rg7 Re8 {#} 38. Kd3 e4+ 0-1

[Event "21ème Open de Saint-Affrique"]
[Site "Saint Affrique (11)"]
[Date "2013.07.23"]
[Round "5.5"]
[White "Collas, Silvia"]
[Black "Giroyan, Gary"]
[Result "1/2-1/2"]
[WhiteElo "2275"]
[BlackElo "2398"]
[PlyCount "62"]
[EventDate "2013.??.??"]

1. d4 Nf6 2. Nf3 g6 3. c4 Bg7 4. Nc3 O-O 5. e4 d6 6. h3 e5 7. d5 Nbd7 8. Be3
Nc5 9. Nd2 a5 10. Be2 Ne8 11. h4 h6 12. h5 g5 13. Rc1 Bd7 14. b3 c6 15. Bxc5
dxc5 16. Bg4 Bxg4 17. Qxg4 f5 18. Qe2 Nd6 19. dxc6 bxc6 20. Na4 fxe4 21. Nxc5
Qe7 22. Ncxe4 Nf5 23. c5 Nd4 24. Qc4+ Kh8 25. Rc3 Rab8 26. Kf1 g4 27. Kg1 Rb4
28. Qa6 Rbb8 29. Qc4 Rb4 30. Qa6 Rbb8 31. Qc4 Rb4 1/2-1/2

[Event "21ème Open de Saint-Affrique"]
[Site "Saint Affrique (11)"]
[Date "2013.07.23"]
[Round "5.6"]
[White "Mullon, Jean-Baptiste"]
[Black "Mancini, Mario"]
[Result "1-0"]
[WhiteElo "2398"]
[BlackElo "2252"]
[PlyCount "61"]
[EventDate "2013.??.??"]

1. e4 c5 2. Nf3 d6 3. d4 cxd4 4. Qxd4 Nc6 5. Bb5 Bd7 6. Qd3 e6 7. c4 a6 8. Bxc6
Bxc6 9. Nc3 Nf6 10. O-O Be7 11. Bf4 Nh5 12. Be3 O-O 13. Nd4 Rc8 14. Rfd1 Qc7
15. Rac1 Bd7 16. b3 Rfd8 {#} 17. Nf5 Kf8 18. Nxe7 Kxe7 19. Rc2 Nf6 20. Bf4 Ne8
21. c5 Kf8 22. cxd6 Qa5 23. e5 Kg8 24. Rdc1 h6 25. Bg3 Rc6 26. f4 Rdc8 27. Na4
Rxc2 28. Rxc2 Rxc2 29. Qxc2 Qd5 30. Nb6 Qd4+ 31. Qf2 1-0

[Event "21ème Open de Saint-Affrique"]
[Site "Saint Affrique (11)"]
[Date "2013.07.23"]
[Round "5.7"]
[White "Ternault, Mathieu"]
[Black "Scholz, Christian"]
[Result "1/2-1/2"]
[WhiteElo "2176"]
[BlackElo "2393"]
[PlyCount "66"]
[EventDate "2013.??.??"]

1. d4 Nf6 2. c4 g6 3. Nc3 Bg7 4. Nf3 d6 5. e4 O-O 6. Be2 e5 7. O-O Nc6 8. d5
Ne7 9. Ne1 Ne8 10. f3 f5 11. g4 h5 12. g5 h4 13. Nd3 f4 14. Kh1 Kf7 15. Rg1 Rh8
16. c5 Ng8 17. Bd2 Rh5 18. Qb3 Rxg5 19. Qa3 Rxg1+ 20. Rxg1 g5 21. Nb5 Bf8 22.
cxd6 cxd6 23. Ba5 b6 24. Bb4 a5 {#} 25. Nxe5+ dxe5 26. Bxf8 Ba6 27. Nc3 Bxe2
28. Nxe2 Ra7 29. d6 Rd7 30. Be7 Nxe7 31. Qb3+ Kf6 32. dxe7 Qxe7 33. Nc3 Nc7
1/2-1/2

[Event "21ème Open de Saint-Affrique"]
[Site "Saint Affrique (11)"]
[Date "2013.07.23"]
[Round "5.8"]
[White "Manouck, Thierry"]
[Black "Schmit, Vincent"]
[Result "1/2-1/2"]
[WhiteElo "2295"]
[BlackElo "1973"]
[PlyCount "76"]
[EventDate "2013.??.??"]

1. c4 g6 2. g3 Bg7 3. Bg2 Nf6 4. Nc3 c5 5. a3 Nc6 6. Rb1 O-O 7. b4 d6 8. d3
cxb4 9. axb4 e5 10. Bg5 h6 11. Bxf6 Bxf6 12. Nf3 Bg7 13. O-O f5 14. b5 Ne7 15.
Qb3 Be6 16. Nd2 Qd7 17. Rfc1 h5 18. Nd5 Bxd5 19. cxd5 b6 20. Nf3 Bf6 21. Rc4
Kg7 22. e4 Rac8 23. Rbc1 Rxc4 24. Rxc4 Rc8 25. h4 Rc5 26. Rxc5 dxc5 27. Nd2 Nc8
28. Nc4 Nd6 29. Nxd6 Qxd6 30. Bh3 f4 31. Kg2 g5 32. hxg5 Bxg5 33. Qa2 Qe7 34.
Bf5 h4 35. d6 Qxd6 36. Qxa7+ Kf8 37. Qh7 Qf6 38. g4 Qg7 1/2-1/2

[Event "21ème Open de Saint-Affrique"]
[Site "Saint Affrique (11)"]
[Date "2013.07.23"]
[Round "5.9"]
[White "Cazottes, Guillaume"]
[Black "Saez, Frederic"]
[Result "1/2-1/2"]
[WhiteElo "1970"]
[BlackElo "2290"]
[PlyCount "97"]
[EventDate "2013.??.??"]

1. e4 Nf6 2. Nc3 d5 3. exd5 Nxd5 4. Bc4 Nb6 5. Bb3 c5 6. d3 Nc6 7. Be3 Nd4 8.
Nf3 Bf5 9. Bxd4 cxd4 10. Nb5 e6 11. Nfxd4 Bg6 12. Ne2 Be7 13. O-O Bf6 14. Nbc3
O-O 15. Rb1 a5 16. a3 a4 17. Ba2 Qc7 18. Ng3 Bxc3 19. bxc3 Nd5 20. Bxd5 exd5
21. Qd2 Rfc8 22. Ne2 Qc5 23. Rb4 f6 24. Ra1 Rc7 25. Qe3 Qd6 26. Qd4 Re7 27. Nf4
Rae8 28. g3 Bf7 29. c4 Qd7 30. cxd5 Re1+ 31. Rxe1 Rxe1+ 32. Kg2 g5 33. Ne6 Bxe6
34. dxe6 Qc6+ 35. Kh3 Rxe6 36. Qc4 h5 37. Qxc6 Rxc6 38. Rxa4 Rxc2 39. Kg2 Rc3
40. d4 b5 41. Rb4 Rxa3 42. Rxb5 Rd3 43. Rd5 Kf7 44. Rd8 h4 45. gxh4 gxh4 46. h3
Ke7 47. Rg8 f5 48. Rg6 Rxd4 49. Rh6 1/2-1/2

[Event "21ème Open de Saint-Affrique"]
[Site "Saint Affrique (11)"]
[Date "2013.07.20"]
[Round "5.10"]
[White "Bombail, Leonard"]
[Black "Billon, Olivier"]
[Result "1/2-1/2"]
[WhiteElo "1938"]
[BlackElo "2257"]
[PlyCount "47"]
[EventDate "2013.??.??"]

1. e4 c5 2. Nf3 Nc6 3. d3 Nf6 4. Nbd2 d5 5. g3 e5 6. Bg2 d4 7. O-O h6 8. Nc4
Bd6 9. a4 g5 10. Nxd6+ Qxd6 11. Nd2 Bg4 12. Nc4 Qd7 13. f3 Be6 14. b3 b6 15.
Bd2 Rg8 16. Qe1 Nh5 17. Qf2 O-O-O 18. Rfb1 Bh3 19. b4 Bxg2 20. Qxg2 Nf4 21. Qf1
Nh3+ 22. Kh1 cxb4 23. Bxb4 Qe6 24. Bd6 1/2-1/2